000 00365cam a22001337a 4500
008 180718b1950 xxu||||| |||| 00| 0 eng d
082 _aB123x42 L588
100 _aLewis, Roy
245 _aEnglish middle classes
_cby Roy Lewis and Angus Maude
260 _aLondon
_bPhoneix House
_c1950
300 _a320p.
650 _aMiddle Classes - UK
700 _aMaude, Angus
999 _c372297
_d372297